000 00492nam a22001457a 4500
999 _c130563
_d130563
008 201028b ||||| |||| 00| 0 eng d
050 _aBV4390.C426
100 _aCencini, Amedeo
_950033
245 _aYou shall love the Lord your God
_bpsychology of encountering God
_cAmedeo Cencini
260 _aBombay
_bSt. Paul Publications
_c1988
300 _a173p. ;
_c22cm.
650 _aCelibacy
_xCatholic Church
_94110
650 _aCelibacy
_xPsychological aspects
_950034
942 _2lcc
_cMONOGRAPH